[Event "Gibraltar U16 op"]
[Site "Caleta"]
[Date "2019.08.19"]
[Round "6"]
[White "Perez Beltran, Salvador"]
[Black "Garrido Outon, Alex"]
[Result "1/2-1/2"]
[WhiteElo "2103"]
[BlackElo "2231"]
[PlyCount "29"]
[EventDate "2019.08.16"]
[EventType "swiss"]
[EventRounds "6"]
[EventCountry "GGB"]
[SourceTitle "CBM 195 Extra"]
[Source "ChessBase"]
[SourceDate "2020.05.31"]
[SourceVersion "1"]
[SourceVersionDate "2020.05.31"]
[SourceQuality "1"]

1. e4 c5 2. Nf3 d6 3. Bb5+ Bd7 4. Bxd7+ Qxd7 5. c4 Nf6 6. Nc3 g6 7. d4 cxd4 8. Nxd4 Bg7 9. f3 0-0 10. Be3 Nc6 11. b3 a6 12. Qd3 e6 13. Rd1 d5 14. Nxc6 bxc6 15. e5 1/2-1/2

[Event "ESP-ch U12"]
[Site "Granada"]
[Date "2016.07.08"]
[Round "7"]
[White "Perez Beltran, Salvador"]
[Black "Gines Esteo, Pedro Antonio"]
[Result "0-1"]
[WhiteElo "1939"]
[BlackElo "2210"]
[PlyCount "118"]
[EventDate "2016.07.04"]
[EventType "swiss"]
[EventRounds "9"]
[EventCountry "ESP"]
[SourceTitle "EXT 2024"]
[Source "ChessBase"]
[SourceDate "2023.10.10"]
[SourceVersion "1"]
[SourceVersionDate "2023.10.10"]
[SourceQuality "1"]

1. d4 d6 2. Nf3 Nf6 3. c4 Nbd7 4. Nc3 e5 5. e4 c6 6. Be2 g6 7. 0-0 Bg7 8. Be3 0-0 9. d5 c5 10. Nd2 Ne8 11. a3 f5 12. f3 f4 13. Bf2 g5 14. b4 b6 15. bxc5 bxc5 16. g4 fxg3 17. hxg3 Qf6 18. Kg2 Qg6 19. Rh1 Ndf6 20. g4 h5 21. Be3 Rb8 22. Kg3 Rb7 23. Rb1 Rbf7 24. Rh2 Bh8 25. Qh1 Rh7 26. Rf1 Rff7 27. Rff2 Rb7 28. Qc1 hxg4 29. fxg4 Rh4 30. Rxh4 gxh4+ 31. Kh2 Bxg4 32. Rg2 Rg7 33. Qg1 Qh5 34. Bxg4 Nxg4+ 35. Kh3 Nxe3 36. Rxg7+ Bxg7 37. Qxe3 Bh6 38. Qf3 Qg6 39. Nf1 Nf6 40. Kxh4 Bf4 41. Kh3 Qh7+ 42. Kg2 a6 43. Kf2 Qb7 44. Ne2 Qb2 45. Kg1 Kf7 46. Nxf4 exf4 47. Qxf4 Qd4+ 48. Kg2 Qxe4+ 49. Qxe4 Nxe4 50. Ne3 Kf6 51. Kf3 Ke5 52. Ng4+ Kd4 53. Kf4 Nd2 54. Ne3 Nxc4 55. Nxc4 Kxc4 56. Ke4 a5 57. a4 Kb4 58. Kf5 c4 59. Ke6 Kc5 0-1

[Event "ESP-ch U12"]
[Site "Granada"]
[Date "2016.07.06"]
[Round "5"]
[White "Perez Beltran, Salvador"]
[Black "Travesset Sagre, Jan"]
[Result "1/2-1/2"]
[WhiteElo "1939"]
[BlackElo "1432"]
[PlyCount "95"]
[EventDate "2016.07.04"]
[EventType "swiss"]
[EventRounds "9"]
[EventCountry "ESP"]
[SourceTitle "EXT 2024"]
[Source "ChessBase"]
[SourceDate "2023.10.10"]
[SourceVersion "1"]
[SourceVersionDate "2023.10.10"]
[SourceQuality "1"]

1. d4 d5 2. Nf3 Nf6 3. c4 e6 4. Nc3 Be7 5. Bf4 0-0 6. e3 Nbd7 7. c5 c6 8. Bd3 b6 9. b4 a5 10. a3 Ba6 11. Bxa6 Rxa6 12. 0-0 b5 13. Qe2 Qa8 14. Qb2 a4 15. Qe2 Re8 16. Ne5 Nxe5 17. Bxe5 Nd7 18. Bg3 Bf6 19. Qg4 Ra7 20. f4 Qd8 21. Rae1 Nf8 22. Bf2 Rd7 23. Qh3 g6 24. g4 Bg7 25. Qf3 f5 26. h4 fxg4 27. Qxg4 Rf7 28. e4 Nd7 29. e5 Qe7 30. Kh2 Ref8 31. Ne2 Bh6 32. Be3 Kh8 33. Ng1 Rf5 34. Nh3 Qf7 35. Ng5 Bxg5 36. hxg5 Nb8 37. Kg3 Qd7 38. Rh1 R8f7 39. Rh6 Kg8 40. Reh1 Na6 41. Qh4 Rg7 42. Kg4 Nc7 43. Qg3 Qe7 44. R1h3 Rff7 45. Qh2 Rf5 46. Qc2 Na6 47. Qh2 Nc7 48. Bc1 1/2-1/2

[Event "Almeria Sola Memorial-B 2nd"]
[Site "Almeria"]
[Date "2015.12.19"]
[Round "4"]
[White "Perez Beltran, Salvador"]
[Black "Salmeron Cerdan, Antonio"]
[Result "1-0"]
[WhiteElo "1802"]
[BlackElo "1873"]
[PlyCount "147"]
[EventDate "2015.12.18"]
[EventType "swiss"]
[EventRounds "7"]
[EventCountry "ESP"]
[SourceTitle "CBM 170 Extra"]
[Source "ChessBase"]
[SourceDate "2016.02.25"]
[SourceVersion "1"]
[SourceVersionDate "2016.02.25"]
[SourceQuality "1"]

1. d4 f5 2. Nf3 Nf6 3. c4 e6 4. Nc3 d5 5. g3 c6 6. Bg2 Bd6 7. cxd5 exd5 8. 0-0 0-0 9. Qc2 Ne4 10. Nd2 Nd7 11. f3 Nxc3 12. Qxc3 f4 13. gxf4 Rxf4 14. e4 Qh4 15. e5 Bc7 16. Nb3 Rf5 17. f4 Nf8 18. Qg3 Rh5 19. Bf3 Qxg3+ 20. hxg3 Rf5 21. g4 Rf7 22. f5 g6 23. e6 Bxe6 24. fxe6 Nxe6 25. Be3 Raf8 26. Bg2 Bf4 27. Rae1 g5 28. Bxf4 Nxf4 29. Nc5 b6 30. Ne6 Nxe6 31. Rxe6 Rxf1+ 32. Bxf1 Rf4 33. Rxc6 Rxg4+ 34. Bg2 Rxd4 35. Rc8+ Kg7 36. Rc7+ Kg6 37. Rxa7 h5 38. Rd7 Rb4 39. Rd6+ Kf5 40. Rxd5+ Kf4 41. b3 h4 42. Kf2 g4 43. Rd3 g3+ 44. Ke2 Kg4 45. Rd8 Rf4 46. Rg8+ Kh5 47. Bf3+ Kh6 48. Ke3 Rb4 49. Rh8+ Kg7 50. Rh5 Kg6 51. Rh8 Kg7 52. Rd8 h3 53. Rd1 Kf6 54. Be4 g2 55. Bf3 Rb5 56. Kf4 Rf5+ 57. Kg3 Rg5+ 58. Kh2 Rf5 59. Rd3 Rg5 60. Rd1 Rf5 61. Rd3 Rg5 62. Rd6+ Ke7 63. Rd1 Kf6 64. Rg1 Rf5 65. Bg4 Rf2 66. Bxh3 Rxa2 67. Rxg2 Ra3 68. Rg3 Ke5 69. Bg4 Kd4 70. Kh3 Ra1 71. Kh4 Re1 72. Kg5 b5 73. Rf3 Re5+ 74. Rf5 1-0

[Event "Andalucia-ch U10"]
[Site "Huelva"]
[Date "2014.04.26"]
[Round "6.1"]
[White "Cuellar Montes, Alejandro"]
[Black "Perez Beltran, Salvador"]
[Result "0-1"]
[WhiteElo "1438"]
[BlackElo "1396"]
[PlyCount "82"]
[EventDate "2014.04.25"]
[EventType "swiss"]
[EventRounds "9"]
[EventCountry "ESP"]
[SourceTitle "EXT 2024"]
[Source "ChessBase"]
[SourceDate "2023.10.10"]
[SourceVersion "1"]
[SourceVersionDate "2023.10.10"]
[SourceQuality "1"]

1. d4 g6 2. Nf3 Bg7 3. c4 d6 4. Nc3 Nf6 5. Bg5 0-0 6. e3 Bg4 7. Be2 Nbd7 8. 0-0 c6 9. Qc2 Qc7 10. h3 Bxf3 11. Bxf3 e5 12. dxe5 Nxe5 13. Be2 a5 14. Rad1 Ne8 15. f4 Nd7 16. Be7 Qb6 17. Rf3 Bh6 18. Bxf8 Nxf8 19. Kh1 Ne6 20. Ne4 Rd8 21. Ng3 Bg7 22. b3 Nf6 23. Ne4 d5 24. Nxf6+ Bxf6 25. cxd5 cxd5 26. Qd3 Nc5 27. Qb5 Qc7 28. f5 Bg7 29. Rdf1 Rd7 30. a3 Ne4 31. Qd3 Ng3+ 32. Rxg3 Qxg3 33. fxg6 hxg6 34. Bg4 Be5 35. Kg1 Rd6 36. Bf3 d4 37. e4 Rc6 38. Qd2 Rc3 39. Bd1 Qh2+ 40. Kf2 Bg3+ 41. Ke2 Qxg2+ 0-1